Factores de riesgo de los cuidadores de adultos mayores en condición de discapacidad en el barrio ferrocarril del municipio de soledad en el periodo 2019-2023. / (Registro nro. 4256)

Detalles MARC
000 -LEADER
fixed length control field 01979nam a2200277 a 4500
005 - DATE AND TIME OF LATEST TRANSACTION
control field 20250329165438.0
008 - FIXED-LENGTH DATA ELEMENTS--GENERAL INFORMATION
fixed length control field 161103s2024 000 0 eng d
040 ## - CATALOGING SOURCE
Original cataloging agency CO-CtgCURN
Language of cataloging spa
Transcribing agency coctgcurn
082 0# - DEWEY DECIMAL CLASSIFICATION NUMBER
Classification number EST 2024
Item number A189
100 1# - MAIN ENTRY--PERSONAL NAME
Personal name Acuña Avila, Steisy Yoleth.
245 10 - TITLE STATEMENT
Title Factores de riesgo de los cuidadores de adultos mayores en condición de discapacidad en el barrio ferrocarril del municipio de soledad en el periodo 2019-2023. /
Statement of responsibility, etc. Steisy Yoleth Acuña Avila; Elvira Leticia Rodríguez Sandoval; Director: Rosario Joaquín Reales Vega.
260 ## - PUBLICATION, DISTRIBUTION, ETC.
Place of publication, distribution, etc. Cartagena de Indias, D.T. :
Name of publisher, distributor, etc. Corporación Universitaria "Rafael Nuñez",
Date of publication, distribution, etc. 2024.
300 ## - PHYSICAL DESCRIPTION
Extent 14 hojas.
336 ## - CONTENT TYPE
Source rdacontent
337 ## - MEDIA TYPE
Source rdamedia
Media type term sin mediacion
Media type code n
338 ## - CARRIER TYPE
Source rdacarrier
Carrier type term volumen
Carrier type code nc
502 ## - DISSERTATION NOTE
Dissertation note Trabajo de grado (Tecnologa en Estética y cosmetología). Corporación Universitaria "Rafael Nuñez" Facultad de Ciencias de la Salud. Programa de Tecnologia en Estética y cosmetología, 2024.
520 ## - SUMMARY, ETC.
Summary, etc. "Este proyecto de investigación se enfoca en analizar la calidad de vida de los cuidadores de adultos mayores con discapacidad múltiple en el Barrio Ferrocarril del municipio de Soledad. Además, se busca identificar las acciones que los gobiernos nacional, departamental y municipal están implementando para apoyar a los cuidadores, los beneficios ofrecidos y si realmente se están aplicando en zonas con alta concentración de adultos mayores"
650 #0 - SUBJECT ADDED ENTRY--TOPICAL TERM
Topical term or geographic name entry element Estética y cosmetología
General subdivision Tesis y Disertaciones academicas.
700 1# - ADDED ENTRY--PERSONAL NAME
Personal name Rodríguez Sandoval, Elvira Leticia.
700 1# - ADDED ENTRY--PERSONAL NAME
Personal name Reales Vega, Rosario Joaquín,
Relator term directora.
700 1# - ADDED ENTRY--PERSONAL NAME
Personal name Peña Pitre, Jhoana Vanessa.
856 ## - ELECTRONIC LOCATION AND ACCESS
Uniform Resource Identifier <a href="https://unicurn.sharepoint.com/:b:/s/biblioteca/EUXDo6pxXUFOtLvMDXLXJVkBjFqaOiCNLZe9kqXnSL8UMw?e=rV9KGM">https://unicurn.sharepoint.com/:b:/s/biblioteca/EUXDo6pxXUFOtLvMDXLXJVkBjFqaOiCNLZe9kqXnSL8UMw?e=rV9KGM</a>
Public note De click aqui para ver el recurso en texto completo
942 ## - ADDED ENTRY ELEMENTS (KOHA)
Classification part EST 2024
Item part A189
Source of classification or shelving scheme Dewey Decimal Classification
Koha item type Trabajos de grado
Existencias
Withdrawn status Lost status Damaged status Not for loan Collection Home library Current library Shelving location Date acquired Cost, normal purchase price Inventory number Total checkouts Full call number Barcode Date last seen Price effective from Koha item type
        Trabajos de grado Miguel Henríquez Emiliani Miguel Henríquez Emiliani Trabajo de grado 09/23/2018 35000.00 025415   EST 2024 A189 025415 03/29/2025 03/29/2025 Trabajos de grado